[Event "Mittelfrank Regionalliga Sud-West 2223"]
[Site "Mittelfranken"]
[Date "2023.01.15"]
[Round "5.3"]
[White "Kaya, Yekta Onur"]
[Black "Weichelt, Jens"]
[Result "1/2-1/2"]
[WhiteElo "2043"]
[BlackElo "2032"]
[PlyCount "54"]
[EventDate "2022.10.09"]
[EventType "team-tourn"]
[EventRounds "9"]
[EventCountry "GER"]
[SourceTitle "EXT 2024"]
[Source "ChessBase"]
[SourceDate "2023.10.10"]
[SourceVersion "1"]
[SourceVersionDate "2023.10.10"]
[SourceQuality "1"]
[WhiteTeam "Bayern Muenchen IV"]
[BlackTeam "Augsburg Rochade"]
[WhiteTeamCountry "GER"]
[BlackTeamCountry "GER"]

1. d4 d5 2. c4 e6 3. Nc3 Nf6 4. Bg5 Be7 5. e3 0-0 6. Nf3 b6 7. cxd5 Nxd5 8. Bxe7 Nxe7 9. Bd3 Nd7 10. 0-0 Ng6 11. Rc1 c5 12. Nb5 Bb7 13. Nd6 Bc6 14. Be4 Bxe4 15. Nxe4 cxd4 16. Qxd4 Rc8 17. Rfd1 Rxc1 18. Rxc1 Nf6 19. Nxf6+ Qxf6 20. Qxf6 gxf6 21. Kf1 Rd8 22. Ke2 Rd7 23. Rc8+ Kg7 24. Nd4 Ne7 25. Rc4 f5 26. Nf3 Ng6 27. h4 Kf6 1/2-1/2

[Event "Mittelfrank Regionalliga Sud-West 2223"]
[Site "Mittelfranken"]
[Date "2022.10.23"]
[Round "2.2"]
[White "Weichelt, Jens"]
[Black "Martin, Michael"]
[Result "1-0"]
[WhiteElo "2032"]
[BlackElo "2028"]
[PlyCount "35"]
[EventDate "2022.10.09"]
[EventType "team-tourn"]
[EventRounds "9"]
[EventCountry "GER"]
[SourceTitle "EXT 2024"]
[Source "ChessBase"]
[SourceDate "2023.10.10"]
[SourceVersion "1"]
[SourceVersionDate "2023.10.10"]
[SourceQuality "1"]
[WhiteTeam "Augsburg Rochade"]
[BlackTeam "Haunstetten II"]
[WhiteTeamCountry "GER"]
[BlackTeamCountry "GER"]

1. d4 d5 2. Nf3 Nf6 3. c4 c6 4. Nc3 e6 5. e3 Nbd7 6. Be2 Bd6 7. 0-0 0-0 8. Qc2 dxc4 9. Bxc4 b5 10. Be2 Bb7 11. b3 Rc8 12. Bb2 a6 13. a4 c5 14. axb5 cxd4 15. Nxd4 Ne4 16. Bf3 Ndf6 17. Nc6 Ng5 18. Nxd8 1-0

[Event "Mittelfrank Regionalliga Sud-West 2122"]
[Site "Mittelfranken"]
[Date "2022.05.15"]
[Round "5.4"]
[White "Zinke, Thomas"]
[Black "Weichelt, Jens"]
[Result "1/2-1/2"]
[WhiteElo "1974"]
[BlackElo "2029"]
[PlyCount "39"]
[EventDate "2021.10.24"]
[EventType "team-tourn"]
[EventRounds "9"]
[EventCountry "GER"]
[SourceTitle "EXT 2024"]
[Source "ChessBase"]
[SourceDate "2023.10.10"]
[SourceVersion "1"]
[SourceVersionDate "2023.10.10"]
[SourceQuality "1"]
[WhiteTeam "Muenchen Suedost II"]
[BlackTeam "Augsburg Rochade"]
[WhiteTeamCountry "GER"]
[BlackTeamCountry "GER"]

1. c4 Nf6 2. Nc3 d5 3. cxd5 Nxd5 4. g3 c6 5. Bg2 e6 6. Nf3 Be7 7. 0-0 0-0 8. d4 Nd7 9. e4 N5f6 10. h3 b6 11. b3 Bb7 12. Bb2 Rc8 13. Rc1 Re8 14. Qe2 Qc7 15. Rfd1 Qb8 16. Qd3 Red8 17. Qe3 Nf8 18. Rd2 Ng6 19. Rcd1 Rd7 20. a3 1/2-1/2

[Event "Regionalliga Sued-West 1819"]
[Site "Bayern"]
[Date "2019.04.07"]
[Round "9.7"]
[White "Weichelt, Jens"]
[Black "Schmidt, Hans"]
[Result "1/2-1/2"]
[WhiteElo "1949"]
[BlackElo "1997"]
[PlyCount "25"]
[EventDate "2018.10.21"]
[EventType "team-tourn"]
[EventRounds "9"]
[EventCountry "GER"]
[SourceTitle "EXT 2022"]
[Source "ChessBase"]
[SourceDate "2021.10.06"]
[SourceVersion "1"]
[SourceVersionDate "2021.10.06"]
[SourceQuality "1"]
[WhiteTeam "Augsburg SK Rochade"]
[BlackTeam "Garching III"]
[WhiteTeamCountry "GER"]
[BlackTeamCountry "GER"]

1. d4 d5 2. Nf3 Nf6 3. c4 c6 4. cxd5 cxd5 5. Nc3 e6 6. e3 a6 7. Bd3 Bd6 8. 0-0 Nc6 9. b3 b5 10. Bb2 Bb7 11. Rc1 Rc8 12. Qe2 0-0 13. Rfd1 1/2-1/2

[Event "Regionalliga Sued-West 1819"]
[Site "Bayern"]
[Date "2018.10.21"]
[Round "1.6"]
[White "Weichelt, Jens"]
[Black "Kuhn, Hubert"]
[Result "1/2-1/2"]
[WhiteElo "1949"]
[BlackElo "2038"]
[PlyCount "89"]
[EventDate "2018.10.21"]
[EventType "team-tourn"]
[EventRounds "9"]
[EventCountry "GER"]
[SourceTitle "EXT 2022"]
[Source "ChessBase"]
[SourceDate "2021.10.06"]
[SourceVersion "1"]
[SourceVersionDate "2021.10.06"]
[SourceQuality "1"]
[WhiteTeam "Augsburg SK Rochade"]
[BlackTeam "Zugzwang MSA II"]
[WhiteTeamCountry "GER"]
[BlackTeamCountry "GER"]

1. d4 d5 2. Nf3 Nf6 3. g3 e6 4. Bg2 Bb4+ 5. c3 Bd6 6. 0-0 0-0 7. Qc2 Nbd7 8. c4 c6 9. Nbd2 e5 10. cxd5 cxd5 11. dxe5 Nxe5 12. Nxe5 Bxe5 13. Nf3 Bd6 14. b3 Re8 15. Bb2 Bf8 16. Rfd1 Qe7 17. e3 Bg4 18. Rdc1 Rac8 19. Qd3 Qe4 20. Ne5 Qf5 21. Qd4 Bh3 22. Nd3 Bxg2 23. Kxg2 b6 24. Nf4 h5 25. Qd3 Qxd3 26. Nxd3 Be7 27. Rxc8 Rxc8 28. Rc1 Rxc1 29. Nxc1 Nd7 30. Nd3 g5 31. h3 f6 32. g4 hxg4 33. hxg4 Kf7 34. f4 Nc5 35. Nxc5 bxc5 36. f5 Ke8 37. Kf3 Kd7 38. e4 dxe4+ 39. Kxe4 Kc6 40. Bc3 a6 41. a3 Bd8 42. a4 Be7 43. Ba5 Bd6 44. Bd2 Be7 45. Ba5 1/2-1/2

[Event "Regionalliga Sued-West 1718"]
[Site "Bayern"]
[Date "2018.01.21"]
[Round "5.6"]
[White "Weichelt, Jens"]
[Black "Boehm, Uwe"]
[Result "1/2-1/2"]
[WhiteElo "1980"]
[BlackElo "1970"]
[PlyCount "52"]
[EventDate "2017.10.22"]
[EventType "team-tourn"]
[EventRounds "9"]
[EventCountry "GER"]
[SourceTitle "EXT 2022"]
[Source "ChessBase"]
[SourceDate "2021.10.06"]
[SourceVersion "1"]
[SourceVersionDate "2021.10.06"]
[SourceQuality "1"]
[WhiteTeam "Augsburg SK Rochade"]
[BlackTeam "Muenchen SC II"]
[WhiteTeamCountry "GER"]
[BlackTeamCountry "GER"]

1. d4 d5 2. Nf3 Nf6 3. c4 e6 4. Nc3 Be7 5. g3 dxc4 6. Qa4+ Bd7 7. Qxc4 Bc6 8. Bg2 0-0 9. 0-0 Nbd7 10. Bf4 Nb6 11. Qd3 Nbd5 12. Nxd5 Bxd5 13. Rfd1 c5 14. dxc5 Bxc5 15. Qb5 Qb6 16. Qxb6 Bxb6 17. Ne5 Bxg2 18. Kxg2 Rfd8 19. Nc4 Rxd1 20. Rxd1 Rd8 21. Rxd8+ Bxd8 22. Nd6 b6 23. e4 Nd7 24. b4 a6 25. b5 axb5 26. Nxb5 Be7 1/2-1/2

[Event "WchT Seniors 50"]
[Site "Radebeul"]
[Date "2016.06.26"]
[Round "1.1"]
[White "Enders, Peter"]
[Black "Weichelt, Jens"]
[Result "1-0"]
[WhiteElo "2448"]
[BlackElo "2073"]
[PlyCount "89"]
[EventDate "2016.06.26"]
[EventType "team-swiss"]
[EventRounds "9"]
[EventCountry "GER"]
[SourceTitle "CBM 173 Extra"]
[Source "ChessBase"]
[SourceDate "2016.08.29"]
[SourceVersion "1"]
[SourceVersionDate "2016.08.29"]
[SourceQuality "1"]
[WhiteTeam "Thueringen"]
[BlackTeam "Heidenau"]
[WhiteTeamCountry "GER"]
[BlackTeamCountry "GER"]

1. b3 Nf6 2. Bb2 g6 3. g3 Bg7 4. Bg2 d5 5. Nf3 0-0 6. 0-0 c5 7. c4 Nc6 8. cxd5 Nxd5 9. Bxg7 Kxg7 10. d4 cxd4 11. Nxd4 Nxd4 12. Qxd4+ Nf6 13. Qe3 Ng4 14. Qc3+ f6 15. Na3 e5 16. Rac1 Qe7 17. Nb5 Bf5 18. Qc7 Rf7 19. Bd5 Rc8 20. Qxe7 Rxe7 21. Rxc8 Bxc8 22. Nxa7 Be6 23. Bxe6 Rxe6 24. a4 e4 25. Rc1 e3 26. f3 Ne5 27. Kg2 Rd6 28. Rc3 Rd2 29. Rxe3 Rb2 30. Kf2 Kf7 31. Nb5 b6 32. Nd6+ Kf8 33. h3 Nc6 34. Nc4 Rb1 35. Nxb6 Nd4 36. Nd5 f5 37. b4 Nc2 38. Rc3 Rb2 39. a5 Nd4 40. Re3 Nc6 41. a6 Ra2 42. b5 Nd4 43. b6 Rxa6 44. b7 Nc6 45. Nb4 1-0

[Event "Reykjavik op"]
[Site "Reykjavik"]
[Date "2015.03.17"]
[Round "9"]
[White "Bjarnason, Vignir"]
[Black "Weichelt, Jens"]
[Result "1/2-1/2"]
[WhiteElo "1895"]
[BlackElo "2132"]
[PlyCount "68"]
[EventDate "2015.03.10"]
[EventType "swiss"]
[EventRounds "10"]
[EventCountry "ISL"]
[SourceTitle "CBM 165 Extra"]
[Source "ChessBase"]
[SourceDate "2015.04.21"]
[SourceVersion "1"]
[SourceVersionDate "2015.04.21"]
[SourceQuality "1"]

1. e4 d5 2. exd5 Qxd5 3. d4 Nf6 4. Nc3 Qa5 5. Bc4 Bg4 6. Nf3 Nc6 7. Be3 Qh5 8. Be2 0-0-0 9. Qd3 e5 10. Qc4 exd4 11. Nxd4 Nxd4 12. Bxd4 Bxe2 13. Nxe2 Rxd4 14. Nxd4 Bd6 15. Ne2 Re8 16. f3 Qe5 17. c3 Qe3 18. Rd1 Bc5 19. Rf1 Nd7 20. Qd3 Qe6 21. f4 Nf6 22. Rd2 Ne4 23. f5 Qe7 24. Rd1 Bd6 25. g3 h5 26. Rf3 Nc5 27. Qc2 h4 28. Kf1 Ne4 29. Kg2 Ng5 30. Rf2 h3+ 31. Kf1 Ne4 32. Rf3 Ng5 33. Rf2 Ne4 34. Rf3 Ng5 1/2-1/2

[Event "Reykjavik op"]
[Site "Reykjavik"]
[Date "2015.03.15"]
[Round "7"]
[White "Hauksson, Hordur Aron"]
[Black "Weichelt, Jens"]
[Result "1-0"]
[WhiteElo "1853"]
[BlackElo "2132"]
[PlyCount "63"]
[EventDate "2015.03.10"]
[EventType "swiss"]
[EventRounds "10"]
[EventCountry "ISL"]
[SourceTitle "CBM 165 Extra"]
[Source "ChessBase"]
[SourceDate "2015.04.21"]
[SourceVersion "1"]
[SourceVersionDate "2015.04.21"]
[SourceQuality "1"]

1. d4 Nf6 2. c4 e6 3. Nf3 Be7 4. Nc3 0-0 5. e4 d6 6. Be3 c5 7. d5 e5 8. h3 g6 9. Qd2 Nh5 10. g4 Ng7 11. 0-0-0 f5 12. gxf5 gxf5 13. Bg5 fxe4 14. Bxe7 Qxe7 15. Ng5 e3 16. Qxe3 Nf5 17. Qd2 Nd7 18. Rg1 Kh8 19. Bd3 Nf6 20. Nce4 Nxe4 21. Bxe4 Rg8 22. Rg2 Nh4 23. Bxh7 Nxg2 24. Bxg8 Kxg8 25. Rg1 Nf4 26. Ne6+ Kh7 27. Qc2+ Kh8 28. Nxf4 exf4 29. Qg6 Bf5 30. Qxf5 Rf8 31. Qg6 Qh7 32. Qxd6 1-0

[Event "Bayern-chI Bank Hofmann 18th"]
[Site "Bad Wiessee"]
[Date "2014.10.26"]
[Round "3"]
[White "Morawietz, Dieter"]
[Black "Weichelt, Jens"]
[Result "1-0"]
[WhiteElo "2395"]
[BlackElo "2121"]
[PlyCount "55"]
[EventDate "2014.10.25"]
[EventType "swiss"]
[EventRounds "9"]
[EventCountry "GER"]
[SourceTitle "EXT 2015"]
[Source "ChessBase"]
[SourceDate "2014.11.20"]
[SourceVersion "1"]
[SourceVersionDate "2014.11.20"]
[SourceQuality "1"]

1. e4 d5 2. exd5 Qxd5 3. Nc3 Qd8 4. d4 Nf6 5. Nf3 Bg4 6. h3 Bxf3 7. Qxf3 c6 8. Be3 e6 9. 0-0-0 Bb4 10. Kb1 Nbd7 11. Ne2 0-0 12. g4 Nd5 13. Bc1 b5 14. Ng3 a5 15. Bd3 a4 16. Ne2 Be7 17. h4 N7b6 18. g5 Nb4 19. Be4 N6d5 20. c3 Na6 21. Qd3 g6 22. h5 Kg7 23. hxg6 hxg6 24. Rh7+ Kg8 25. Bxg6 Nab4 26. Bxf7+ Rxf7 27. Qg6+ Rg7 28. Qxg7# 1-0

[Event "Gibraltar Masters 12th"]
[Site "Caleta"]
[Date "2014.02.02"]
[Round "6"]
[White "Weichelt, Jens"]
[Black "Sachdev, Tania"]
[Result "0-1"]
[WhiteElo "2116"]
[BlackElo "2442"]
[PlyCount "56"]
[EventDate "2014.01.28"]
[EventType "swiss"]
[EventRounds "10"]
[EventCountry "GGB"]
[SourceTitle "CBM 159"]
[Source "ChessBase"]
[SourceDate "2014.03.17"]
[SourceVersion "1"]
[SourceVersionDate "2014.03.17"]
[SourceQuality "1"]

1. d4 Nf6 2. c4 e6 3. Nf3 b6 4. g3 Bb7 5. Bg2 Be7 6. Nc3 0-0 7. Qc2 c5 8. d5 exd5 9. Nh4 b5 10. Nxb5 Bc6 11. 0-0 dxc4 12. Bxc6 Nxc6 13. Qxc4 d5 14. Qa4 Qd7 15. Nf3 Rab8 16. Nc3 Rb4 17. Qc2 Qh3 18. Ng5 Qh5 19. Kg2 d4 20. Nce4 Nd7 21. Nh3 Nde5 22. f3 c4 23. Nf4 Qf5 24. b3 d3 25. exd3 cxd3 26. Nxd3 Rxe4 27. Nxe5 Rxe5 28. Qxf5 Rxf5 0-1

[Event "Gibraltar Masters 12th"]
[Site "Caleta"]
[Date "2014.01.30"]
[Round "3"]
[White "Weichelt, Jens"]
[Black "Lobersli, Henrik Oie"]
[Result "1-0"]
[WhiteElo "2116"]
[BlackElo "1862"]
[PlyCount "59"]
[EventDate "2014.01.28"]
[EventType "swiss"]
[EventRounds "10"]
[EventCountry "GGB"]
[SourceTitle "CBM 159"]
[Source "ChessBase"]
[SourceDate "2014.03.17"]
[SourceVersion "1"]
[SourceVersionDate "2014.03.17"]
[SourceQuality "1"]

1. d4 Nf6 2. c4 e6 3. Nf3 b6 4. g3 Ba6 5. Qc2 Bb7 6. Bg2 Be7 7. Nc3 d5 8. cxd5 Nxd5 9. Nxd5 Bxd5 10. 0-0 0-0 11. Bf4 Na6 12. a3 c5 13. Qd3 c4 14. Qc2 b5 15. Rfd1 Qb6 16. Ng5 Bxg5 17. Bxg5 Bxg2 18. Kxg2 Rac8 19. Kg1 h6 20. Bf4 Rfd8 21. Qc3 Nb8 22. Bxb8 Rxb8 23. e3 Rdc8 24. d5 exd5 25. Rxd5 a5 26. Qe5 b4 27. axb4 axb4 28. Rd6 Qc7 29. Qd5 Qc5 30. Rd8+ 1-0

[Event "Gibraltar Masters 12th"]
[Site "Caleta"]
[Date "2014.01.28"]
[Round "1"]
[White "Weichelt, Jens"]
[Black "Hoang, Thanh Trang"]
[Result "1/2-1/2"]
[WhiteElo "2116"]
[BlackElo "2511"]
[PlyCount "118"]
[EventDate "2014.01.28"]
[EventType "swiss"]
[EventRounds "10"]
[EventCountry "GGB"]
[SourceTitle "CBM 159"]
[Source "ChessBase"]
[SourceDate "2014.03.17"]
[SourceVersion "1"]
[SourceVersionDate "2014.03.17"]
[SourceQuality "1"]

1. d4 f5 2. Bg5 h6 3. Bh4 g5 4. Bg3 Nf6 5. e3 d6 6. Nc3 e6 7. Bd3 Nc6 8. Nge2 Bg7 9. h4 Qe7 10. hxg5 hxg5 11. Rxh8+ Bxh8 12. Qd2 Bd7 13. f3 0-0-0 14. 0-0-0 Qf7 15. a3 Qh5 16. Bf2 Bg7 17. Ng3 Qf7 18. Rh1 Kb8 19. Kb1 a6 20. e4 f4 21. Nge2 Rh8 22. Qe1 Nh5 23. Na2 Bc8 24. Nb4 Ne7 25. c3 Qe8 26. Qd1 a5 27. Na2 Bd7 28. Bc4 d5 29. Bd3 Bb5 30. Nac1 Bxd3+ 31. Qxd3 Nf6 32. Rxh8 Qxh8 33. e5 Nd7 34. Qd1 Nf5 35. g4 Ne7 36. Qf1 Qh7+ 37. Ka2 Qc2 38. Ng1 Nb6 39. Nd3 Nc4 40. Qb1 Qd2 41. Be1 Qg2 42. Bf2 a4 43. Qd1 b5 44. Qe2 Nc6 45. Nc5 Nd8 46. b3 axb3+ 47. Kxb3 Kc8 48. a4 bxa4+ 49. Nxa4 Nb7 50. Kc2 Bf8 51. Nb2 Nxb2 52. Kxb2 Na5 53. Kc2 Nc4 54. Kd1 Ba3 55. Ke1 Qh2 56. Qc2 Bb2 57. Ke2 Qh6 58. Kf1 Qh2 59. Ke2 Ba3 1/2-1/2

[Event "Bayern-chI Bank Hofmann 13th"]
[Site "Bad Wiessee"]
[Date "2009.11.01"]
[Round "2"]
[White "Weichelt, Jens"]
[Black "Siebrecht, Sebastian"]
[Result "0-1"]
[WhiteElo "2144"]
[BlackElo "2456"]
[PlyCount "126"]
[EventDate "2009.10.31"]
[EventType "swiss"]
[EventRounds "9"]
[EventCountry "GER"]
[SourceTitle "EXT 2010"]
[Source "ChessBase"]
[SourceDate "2010.11.25"]
[SourceVersion "1"]
[SourceVersionDate "2010.11.25"]
[SourceQuality "1"]

1. d4 g6 2. Nf3 Bg7 3. c4 f5 4. Nc3 Nf6 5. g3 0-0 6. Bg2 d6 7. 0-0 c6 8. Qc2 Na6 9. b3 Nb4 10. Qd2 Qe8 11. Bb2 h6 12. a3 Na6 13. e3 g5 14. Ne2 Bd7 15. Ne1 e5 16. f3 Rd8 17. Rd1 e4 18. f4 Kh8 19. Nc2 Qh5 20. h3 d5 21. a4 Nh7 22. Ba3 Rg8 23. Be7 Rde8 24. Bd6 dxc4 25. bxc4 Be6 26. d5 cxd5 27. cxd5 Bc8 28. Ncd4 Rd8 29. Nb5 Nf6 30. Nec3 Qf7 31. Rf2 g4 32. h4 Nh5 33. Kh2 Kh7 34. Bf1 Bf6 35. Rg2 b6 36. Bc4 Nc5 37. Be5 Rg6 38. Nd6 Rxd6 39. Bxd6 Bxc3 40. Qxc3 Rxd6 41. a5 Qf6 42. Qe5 Bb7 43. axb6 axb6 44. Ra2 Nd7 45. Qxf6 Nhxf6 46. Ra7 Bxd5 47. Ba6 Kg6 48. Bb5 Kf7 49. Ba6 Ke7 50. Rc1 Bb3 51. Rc8 Rd2+ 52. Kg1 Be6 53. Bb5 Rb2 54. Bc6 b5 55. Rb7 b4 56. Rcb8 b3 57. Ba4 Ra2 58. Bxb3 Bxb3 59. Rxb3 Nxb8 60. Rxb8 Nd5 61. Rh8 Nxe3 62. Rxh6 Rg2+ 63. Kh1 Rxg3 0-1

[Event "Bayern-chI Bank Hofmann 11th"]
[Site "Bad Wiessee"]
[Date "2007.11.11"]
[Round "2"]
[White "Weichelt, Jens"]
[Black "Schneider, Ilja"]
[Result "0-1"]
[WhiteElo "2148"]
[BlackElo "2442"]
[PlyCount "62"]
[EventDate "2007.11.10"]
[EventType "swiss"]
[EventRounds "9"]
[EventCountry "GER"]
[SourceTitle "CBM 121 Extra"]
[Source "ChessBase"]
[SourceDate "2008.01.10"]
[SourceVersion "1"]
[SourceVersionDate "2008.01.10"]
[SourceQuality "1"]

1. d4 Nf6 2. Nf3 e6 3. g3 b5 4. a4 b4 5. Bg2 Bb7 6. c4 bxc3 7. bxc3 c5 8. 0-0 Na6 9. Nbd2 Be7 10. Rb1 Rb8 11. Nc4 Bd5 12. Rxb8 Qxb8 13. Bf4 d6 14. Nfd2 Bxg2 15. Kxg2 Nd5 16. Qa1 0-0 17. e4 Nxf4+ 18. gxf4 d5 19. Ne5 dxe4 20. Nd7 Qxf4 21. Nxf8 Bd6 22. Re1 Qxh2+ 23. Kf1 e3 24. Ne4 Qh1+ 25. Ke2 Qxe4 26. Nd7 cxd4 27. cxd4 Nb4 28. Rc1 exf2+ 29. Kf1 Qh1+ 30. Ke2 f1Q+ 31. Rxf1 Qe4+ 0-1

[Event "Bayern-chI Bank Hofmann 9th"]
[Site "Bad Wiessee"]
[Date "2005.11.02"]
[Round "5"]
[White "Weichelt, Jens"]
[Black "Bjarnason, Oskar"]
[Result "1/2-1/2"]
[WhiteElo "2164"]
[BlackElo "2258"]
[PlyCount "25"]
[EventDate "2005.10.29"]
[EventType "swiss"]
[EventRounds "9"]
[EventCountry "GER"]
[SourceTitle "EXT 2006"]
[Source "ChessBase"]
[SourceDate "2005.11.24"]
[SourceVersion "1"]
[SourceVersionDate "2005.11.24"]
[SourceQuality "1"]

1. d4 Nf6 2. Nf3 c5 3. g3 cxd4 4. Nxd4 e5 5. Nf3 Nc6 6. c4 d5 7. Bg2 Bb4+ 8. Bd2 e4 9. Nd4 Nxd4 10. Bxb4 Nc6 11. cxd5 Qxd5 12. Qxd5 Nxd5 13. Bc3 1/2-1/2

[Event "Bayern-chI Bank Hofmann 5th"]
[Site "Bad Wiessee"]
[Date "2001.11.03"]
[Round "8"]
[White "Dirr, Ulrich"]
[Black "Weichelt, Jens"]
[Result "1/2-1/2"]
[WhiteElo "2323"]
[BlackElo "2155"]
[PlyCount "102"]
[EventDate "2001.10.27"]
[EventType "swiss"]
[EventRounds "9"]
[EventCountry "GER"]
[SourceTitle "EXT 2003"]
[Source "ChessBase"]
[SourceDate "2002.11.25"]
[SourceVersion "1"]
[SourceVersionDate "2002.11.25"]
[SourceQuality "1"]

1. e4 Nf6 2. e5 Nd5 3. d4 d6 4. Nf3 Bg4 5. Be2 e6 6. 0-0 Be7 7. c4 Nb6 8. Nc3 0-0 9. Be3 Nc6 10. b3 dxe5 11. Nxe5 Bxe2 12. Nxe2 Nxe5 13. dxe5 Qxd1 14. Raxd1 Rfd8 15. Nc3 Rxd1 16. Rxd1 Rd8 17. Rxd8+ Bxd8 18. f4 a6 19. Kf2 Nd7 20. Ne4 Be7 21. Bd4 f6 22. exf6 gxf6 23. Ke3 Kf7 24. h3 Kg6 25. g4 h5 26. Kf3 hxg4+ 27. hxg4 f5 28. Nf2 Bc5 29. Bxc5 Nxc5 30. Ke3 fxg4 31. Nxg4 Nd7 32. Ke4 Nf6+ 33. Nxf6 Kxf6 34. c5 a5 35. a3 b5 36. c6 b4 37. a4 Kf7 38. Kd4 Kf6 39. Ke4 Kf7 40. Kd4 Kf6 41. Kc5 Kf5 42. Kb5 Kxf4 43. Kxa5 e5 44. Kb5 e4 45. a5 e3 46. a6 e2 47. a7 e1Q 48. a8Q Qe5+ 49. Kxb4 Qd4+ 50. Kb5 Qd3+ 51. Kb4 Qd4+ 1/2-1/2

[Event "Bayern-chI Bank Hofmann 5th"]
[Site "Bad Wiessee"]
[Date "2001.10.30"]
[Round "4"]
[White "Wippermann, Till"]
[Black "Weichelt, Jens"]
[Result "1-0"]
[WhiteElo "2321"]
[BlackElo "2155"]
[PlyCount "75"]
[EventDate "2001.10.27"]
[EventType "swiss"]
[EventRounds "9"]
[EventCountry "GER"]
[SourceTitle "EXT 2003"]
[Source "ChessBase"]
[SourceDate "2002.11.25"]
[SourceVersion "1"]
[SourceVersionDate "2002.11.25"]
[SourceQuality "1"]

1. e4 Nf6 2. Nc3 d5 3. e5 Nfd7 4. f4 e6 5. g3 c5 6. Bg2 Nc6 7. Nf3 Be7 8. 0-0 0-0 9. d3 f6 10. exf6 Bxf6 11. g4 g6 12. Qe1 Re8 13. Bd2 Bg7 14. Qg3 Nf8 15. Rae1 Bd7 16. Nd1 Nb4 17. Ne3 d4 18. Nc4 Bc6 19. Nce5 Rc8 20. Bxb4 cxb4 21. Qf2 Bxf3 22. Bxf3 Rc7 23. Re4 Bxe5 24. Rxe5 Ree7 25. Re4 Rcd7 26. Rfe1 Rf7 27. g5 Qc7 28. Bg4 Qd6 29. Kg2 Qc7 30. h4 b6 31. Kg3 Qd6 32. b3 Qc5 33. Re5 Rd5 34. Rxe6 Nxe6 35. Bxe6 Kg7 36. Bxf7 Kxf7 37. Qe2 Qd6 38. Qe8+ 1-0

[Event "Bayern-chI Bank Hofmann 5th"]
[Site "Bad Wiessee"]
[Date "2001.10.29"]
[Round "3"]
[White "Weichelt, Jens"]
[Black "Zude, Arno"]
[Result "1/2-1/2"]
[WhiteElo "2155"]
[BlackElo "2386"]
[PlyCount "47"]
[EventDate "2001.10.27"]
[EventType "swiss"]
[EventRounds "9"]
[EventCountry "GER"]
[SourceTitle "EXT 2003"]
[Source "ChessBase"]
[SourceDate "2002.11.25"]
[SourceVersion "1"]
[SourceVersionDate "2002.11.25"]
[SourceQuality "1"]

1. d4 Nf6 2. c4 e6 3. Nf3 b6 4. g3 Bb7 5. Bg2 Be7 6. 0-0 0-0 7. Nc3 Ne4 8. Qc2 Nxc3 9. Qxc3 f5 10. b3 Bf6 11. Bb2 d6 12. Qd2 Nd7 13. Rfd1 Qe7 14. e3 g6 15. Bc3 Bg7 16. d5 e5 17. Ne1 Nc5 18. f3 Bh6 19. Nd3 Nxd3 20. Qxd3 a5 21. a4 Rae8 22. Rf1 Bc8 23. Rae1 Bg7 24. f4 1/2-1/2

[Event "Bayern-chI Bank Hofmann 4th"]
[Site "Bad Wiessee"]
[Date "2000.11.05"]
[Round "9"]
[White "Kaiser, Sebastian"]
[Black "Weichelt, Jens"]
[Result "1/2-1/2"]
[WhiteElo "2079"]
[BlackElo "2160"]
[PlyCount "55"]
[EventDate "2000.10.28"]
[EventType "swiss"]
[EventRounds "9"]
[EventCountry "GER"]
[SourceTitle "EXT 2003"]
[Source "ChessBase"]
[SourceDate "2002.11.25"]
[SourceVersion "1"]
[SourceVersionDate "2002.11.25"]
[SourceQuality "1"]

1. d4 Nf6 2. c4 g6 3. Nc3 Bg7 4. Bf4 d6 5. h3 0-0 6. Nf3 Nbd7 7. e3 c6 8. Be2 Re8 9. 0-0 Nf8 10. Qd2 N6d7 11. Rfd1 e5 12. dxe5 dxe5 13. Bg3 Qe7 14. a3 Nc5 15. Qc2 Bf5 16. e4 Bc8 17. b4 Ncd7 18. Bh4 f6 19. Qb3 g5 20. Bg3 Ng6 21. c5+ Kh8 22. Rd6 Ndf8 23. Rad1 Ne6 24. Bc4 Bf8 25. Qb2 Qc7 26. R6d2 Nef4 27. Bxf4 Nxf4 28. Ne2 1/2-1/2